Statistics for Random Knowledge Quiz #29

Click here to take the quiz!

General Stats

  • This quiz has been taken 82 times
  • The average score is 10 of 15

Answer Stats

QuestionAnswer% Correct
Elephant
93%
Name "The Big 5" when referred to African animals.Lion
91%
In which genre of music did Taylor Swift start her career?Country
88%
Which country has the more firearms per capita?USA
88%
Colts and fillies are the babies of which animal?Horse
87%
Rhino
83%
What is the first name of McConaughey, Perry, Morrison, and Broderick?Matthew
81%
Where are the EU headquarters located?Brussels
77%
Finish these lyrics: You got blood on your face, you big disgrace / Waving your banner...All over the place
72%
From which music themed restaurant chain can you buy a T-shirt or other souvenirs showing the location of the restaurant you visited?Hard Rock Cafe
62%
What is Germany's largest airline?Lufthansa
59%
Leopard
39%
African buffalo
36%
Who ordered the biggest bank robbery in history, stealing nearly 1 billion dollars from his country's central bank in 2003?Saddam Hussein
12%
What is the only internationally accepted student identity card which provides student status verification?ISIC
6%

Score Distribution

Percentile by Number Answered

Percent of People with Each Score

Your Score History

You have not taken this quiz